• 首页
  • 本馆介绍
  • 公告通知
  • 最新文献
  • 馆藏检索
  • 电子资源
  • 读者导购
  • 参考咨询
  • 我的图书馆
  • 登录
  • 详细信息显示
  • 放入我的书架
  • 预约/预借图书
  • 作者相关作品
  • 分类相关作品
  • 丛书相关作品
  • 出版社相关作品

书目信息

  • 表格格式
  • 工作单格式
  • 卡片格式
题名:
社会保障导论
    
 
作者: 洪进 , 杨辉 编著
分册:  
出版信息: 合肥   中国科学技术大学出版社  2006
页数: 356页
开本: 23cm
丛书名:
单 册:
中图分类: C913.7
科图分类:
主题词: 社会保障--研究生--教材 , 社会保障
电子资源:
ISBN: 7-312-01854-8
000 00989nam0 2200277 450
001 012007238118
005 20070515142548.56
010    @a7-312-01854-8@dCNY37.50
100    @a20070426d2006 km y0chiy0120 ea
101 0  @achi
102    @aCN@b340000
105    @ay z 000yy
106    @ar
200 1  @a社会保障导论@Ashe hui bao zhang dao lun@f洪进,杨辉编著@Fhong jin,yang hui bian zhu
210    @a合肥@c中国科学技术大学出版社@d2006
215    @a356页@d23cm
300    @a中国科学技术大学管理学院MPA系列教材
330    @a本书全面系统地分析了现代社会保障制度的基本构成和内容,并侧重于对中国社会保障制度和相关政策的具体分析。本书对MPA研究生掌握有关社会保障制度的基本知识能起到切实的指导作用。
510 1  @aIntroduction to social security@zeng
606 0  @a社会保障@x研究生@j教材
606 0  @a社会保障
690    @aC913.7@v4
701  0 @a洪进@Ahong jin@c(管理学)@4编著
701  0 @a杨辉@Ayang hui@c(管理学)@4编著
801  0 @aCN@bRULIN@c20070515
905    @dC913.7@e513@s5
    
    社会保障导论/洪进,杨辉编著.-合肥:中国科学技术大学出版社,2006
    356页;23cm
    中国科学技术大学管理学院MPA系列教材
    
    ISBN 7-312-01854-8:CNY37.50
    本书全面系统地分析了现代社会保障制度的基本构成和内容,并侧重于对中国社会保障制度和相关政策的具体分析。本书对MPA研究生掌握有关社会保障制度的基本知识能起到切实的指导作用。
●
相关链接 在E读中查询图书 在五车中查询图书 在当当中查询图书 在豆瓣中查询图书


正题名:社会保障导论     索取号:C913.7/513         预约/预借

序号 登录号 条形码 馆藏地/架位号 状态 备注
1 0570944   205709447   第一样本阅览室/ [索取号:C913.7/513] 在馆    
2 0570945   205709456   第一借阅区/ [索取号:C913.7/513] 在馆    
3 0570946   205709465   第一借阅区/ [索取号:C913.7/513] 在馆    
4 0570947   205709474   第一借阅区/ [索取号:C913.7/513] 在馆    
5 0570948   205709483   第一借阅区/ [索取号:C913.7/513] 在馆    
唐山师范学院图书馆 欢迎您!
大连网信软件有限公司© 版权所有